000 00618nam a22001937a 4500
005 20250319172744.0
010 _aENG-144146
020 _a9789388830713
_c290.00
035 _aEN-127678
037 _bDBAD
082 _a808.884
100 _aKrishnadas
_979761
245 _aDubai Puzha:
_bWhen Seagulls Fly Over Dubai Creek/
_cKrishnadas
250 _a1
260 _aKerala
_bSandDunes
_c2019
270 _aGB Building, Civil Lane road, ayyanthole thrissur
_bNew Delhi
_e680003
_minfo@greenbooksindia.com
_k91-487-231066
_k2381039
300 _a187p.
_c22cm(pb)
942 _2ddc
_cEN
_h808.884
_mKRI
999 _c210379
_d210379